000 00453nam a22001217a 4500
999 _c10034
_d10034
003 OSt
008 201218b ||||| |||| 00| 0 eng d
245 _aIndian Journal of Digital Information Technology
250 _a2014(Jul-Dec Vol.3 No.2) 2015(Jan-Jun Vol.4 No.1, Jul-Dec Vol.4 No.2) 2016(Jan-Jun Vol.5 No.1, Jul-Dec Vol.5 No.2)
260 _aNew Delhi
_bGBS Publishers and Distributors
650 _aMaster of Computer Applications
942 _2ddc
_cBV